| 000 | 01102nam a22002537a 4500 | ||
|---|---|---|---|
| 003 | OSt | ||
| 005 | 20250328161621.0 | ||
| 008 | 240905b ||||| |||| 00| 0 eng d | ||
| 040 | _c0 | ||
| 082 | _aDPer 621.317 Ie21 December 2022 v.37 n. 12 part 1&2. | ||
| 100 |
_aLiao, Kaiju. _eauthor. _960219 |
||
| 245 |
_aImproved position sensorless piston stroke control method for linear oscillatory machine via an hybrid terminal sliding-mode observer / _cWei Xu, Lili Bai, Yifan Gong, Moustafa Magdi Ismail, and Ion Boldea. |
||
| 260 |
_aNew York; _bThe Institute of Electrical and Electronics Engineers, Inc., _cDecember 2022. |
||
| 300 |
_avolume 37, pages 14186-14197, _billustration. |
||
| 650 | 0 |
_aCurrent amplitude control. _966014 |
|
| 650 | 0 |
_alinear oscillatory machine (LOM). _966015 |
|
| 650 | 0 |
_aself-adaptive band-pass filter (SABPF). _966016 |
|
| 700 |
_aLiao, Kaiju. _eauthor. _960219 |
||
| 700 |
_aBai, Lili. _eauthor. _960220 |
||
| 700 |
_aGong, Yifan. _eauthor. _960221 |
||
| 700 |
_aIsmail, Moustafa Magdi. _eauthor. _960222 |
||
| 700 |
_aBoldea, Ion. _eauthor. _960223 |
||
| 942 |
_2ddc _cPER |
||
| 999 |
_c21339 _d21339 |
||